Statistiche per Riconosci lo Stato - Quiz n°41

Clicka qui per fare il quiz!

Statistiche generali

  • Questo quiz è stato fatto 12 volte
  • Il punteggio medio è 11 su 13

Statistiche sulle risposte

IndizioRisposta% Corretto
ValutaFranco CFA
100%
Primo ministroAnatole Collinet Makosso
92%
Iniziale della CapitaleB
92%
Presidente della RepubblicaDenis Sassou Nguesso
92%
Superficie342.000 km²
83%
Popolazione5.125.821 ab.
83%
Indipendenzadalla Francia il 15 agosto 1960
83%
Fuso OrarioUTC+1
83%
ISU0.571
75%
PIL (nominale)13 692 milioni di $
75%
Tasso di crescita2,849%
75%
Forma di GovernoRepubblica presidenziale
75%
RispostaRepubblica del Congo
67%

Distribuzione punteggi

Percentile per numero di risposta

Percentuale di utenti per punteggio

I tuoi punteggi nel tempo

Non hai fatto questo quiz